Development of semi-intensive aquaculture technologies Honduras

The goal of PD/A CRSP is to increase tilapia yields by optimizing resource use in systems based predominantly on natural pon productivity.

Zapisane w:
Opis bibliograficzny
Format: Książka
Język:Undetermined
Wydane: Alabama 1994
Hasła przedmiotowe:
Etykiety: Dodaj etykietę
Nie ma etykietki, Dołącz pierwszą etykiete!
Thư viện lưu trữ: Trung tâm Học liệu Trường Đại học Cần Thơ
LEADER 00649nam a2200181Ia 4500
001 CTU_149956
008 210402s9999 xx 000 0 und d
082 |a 639.3 
082 |b D489 
245 0 |a Development of semi-intensive aquaculture technologies Honduras 
245 0 |c Bartholomew W. Green...[et al.] 
260 |a Alabama 
260 |c 1994 
520 |a The goal of PD/A CRSP is to increase tilapia yields by optimizing resource use in systems based predominantly on natural pon productivity. 
650 |a Freshwater fishes,Aquaculture 
650 |x Research 
904 |i Năm 
980 |a Trung tâm Học liệu Trường Đại học Cần Thơ